[Event "46th OKU-C 2019"]
[Site "Utrecht"]
[Date "2019.05.31"]
[Round "1.2"]
[White "De Vos, Michael"]
[Black "De Graaf, Dick"]
[Result "0-1"]
[WhiteElo "1989"]
[BlackElo "2113"]
[Annotator "TA"]
[PlyCount "58"]
[EventDate "2019.05.31"]
[EventType "swiss"]
[EventCountry "NED"]
[SourceTitle "playchess.com"]
[Source "ChessBase"]
[SourceQuality "1"]

{[%evp 13,58,8,43,32,41,39,36,17,36,13,18,8,36,15,37,31,27,25,38,-10,0,0,37,0,0,-10,-2,-16,-3,-11,-20,-46,0,-187,-197,-210,-206,-238,-228,-216,-175,-228,-229,-270,-227,-287,-266]} 1. e4 e5 2. Nf3 Nc6 3. Bc4 Nf6 4. d3 Be7 5. c3 O-O 6. O-O d6 7. h3 a6 8. Bb3 {C55: Two Knights: 4 d3, 4 d4 exd4 5 e5 and Max Lange Attack} Na5 9. Bc2 c5 10. Re1 {White is slightly better.} Nc6 11. Nbd2 Re8 12. Nf1 Bf8 13. Ng3 g6 14. Be3 {[#]} d5 $146 ({Predecessor:} 14... Bg7 15. Qd2 Qe7 16. d4 {1-0 (41) Sax,G (2570)-Gligoric,S (2565) Vrbas 1980}) 15. exd5 Nxd5 16. Bb3 Nxe3 17. Rxe3 Kg7 18. Qe1 {[%cal Rf3e5]} f6 19. Rd1 {White wants to play d4!} (19. d4 $5) 19... Be6 20. Bxe6 Rxe6 21. d4 {[%cal Rd4e5]} Rd6 {[%cal Rc5d4]} 22. Ne4 Rd7 {[%cal Rc5d4]} 23. Nxf6 $2 {[#]} (23. Red3 $1 $11 cxd4 24. cxd4) 23... Qxf6 $19 24. dxe5 Qe7 25. Rxd7 Qxd7 26. e6 Qe7 27. Nd2 (27. h4 $142) 27... Re8 28. Rd3 Kg8 29. f4 Qxe6 {Accuracy: White = 37%, Black = 57%.} 0-1

[Event "46th OKU-C 2019"]
[Site "Utrecht"]
[Date "2019.05.31"]
[Round "1.3"]
[White "Van Twillert, Laurents"]
[Black "Vermeulen, Bart"]
[Result "1-0"]
[WhiteElo "2141"]
[BlackElo "1848"]
[Annotator "TA"]
[PlyCount "93"]
[EventDate "2019.05.31"]
[EventType "swiss"]
[EventCountry "NED"]
[SourceTitle "playchess.com"]
[Source "ChessBase"]
[SourceQuality "1"]

{[%evp 14,93,14,-12,-20,-19,0,-54,-4,-12,-6,-6,-8,-5,-22,-33,-40,-29,-39,-28,0,-8,0,-10,-9,-36,-2,-12,19,24,21,28,72,43,53,42,44,60,87,92,97,101,118,104,149,90,89,80,80,89,144,85,166,133,218,60,54,-39,-39,-41,0,2,0,0,232,241,488,518,493,313,29985,29986,29986,29987,29987,29988,29991,29992,29995,29996,29996,29996]} 1. e4 c6 2. d4 d5 3. exd5 cxd5 4. Bd3 Nc6 5. c3 Qc7 6. Ne2 Bg4 7. f3 Bd7 8. Bf4 e5 {B13: Caro-Kann: Exchange Variation and Panov-Botvinnik Attack} 9. Bg3 (9. dxe5 Nxe5 10. Bc2 Nf6 11. O-O Bd6 12. Kh1 O-O 13. Nd2 Nh5 14. Nb3 Bc6 15. Nbd4 Nxf4 16. Nxf4 {½-½ (50) Stanojoski,Z (2447)-Ruck,R (2512) Skopje 2018}) 9... Bd6 10. Qb3 (10. dxe5 $11 Nxe5 11. Na3) 10... Nge7 {Black is slightly better.} 11. Na3 $146 {[%cal Bb1a3,Ba3c2,Bc2d4][%mdl 32]} ({Predecessor:} 11. Nd2 O-O 12. Qc2 f5 13. dxe5 Nxe5 14. O-O Rac8 15. Nd4 N5g6 16. Bxd6 Qxd6 {1-0 (57) Kind,B (2230)-Gupta,M (2316) Germany 2007}) 11... a6 12. O-O O-O 13. dxe5 Nxe5 14. Bxe5 Bxe5 15. f4 Bd6 16. Nc2 Rac8 17. Ncd4 Rfd8 18. Qc2 h6 19. a4 Qb8 20. Qd2 b5 21. axb5 axb5 22. b4 Rc7 23. Ra6 Ra7 24. Qa2 Rb7 25. g3 Qc7 26. Ra1 Rdb8 27. Kg2 g6 28. Qd2 Kg7 29. Ng1 (29. f5 $142 {Hoping for f6+!} gxf5 30. Rf1) 29... Nc6 $16 30. Ngf3 Nxd4 31. Nxd4 Be7 {[#]} (31... Rb6 $142) 32. f5 (32. Qb2 $142 $1) 32... Bg5 (32... g5 $16 {is a better defense.}) 33. Qc2 {[%cal Rf5g6]} Rc8 (33... Be3 $16) 34. R1a3 $2 ({Better is} 34. fxg6 $18 Qxc3 35. Qf2) 34... Be3 $14 {Strongly threatening ...Bxd4.} 35. Ne2 ({White should try} 35. Nf3 $14) 35... Qe5 $15 {[%cal Rd7f5]} 36. fxg6 Qh5 {( -> ...Bh3+)} 37. Ng1 $36 {[%mdl 2048] White has good play.} d4 38. gxf7 {Rg6+ is the strong threat.} Rbc7 $2 {[#]} (38... Bc6+ $11 {and Black is okay.} 39. Rxc6 {[%mdl 64] Remove Defender} Rxc6) 39. Rg6+ $1 $18 Kh8 $2 (39... Kxf7 {might work better.} 40. Raa6 Rxc3 41. Qa2+ R8c4) 40. Be4 Rf8 41. Qa2 {Threatening mate with Rg8+.} Bf5 $2 (41... Rcc8 $18 42. Raa6 Bf5 43. Bxf5 Qxf5) 42. Rg8+ {[%mdl 64] Double Attack. White mates.} Kh7 43. Bxf5+ Qxf5 44. Rxf8 Qe4+ 45. Nf3 Rc6 {[#]} 46. Rh8+ $1 Kg6 (46... Kxh8 47. f8=R+) 47. f8=Q {Accuracy: White = 46%, Black = 32%.} 1-0

[Event "46th OKU-C 2019"]
[Site "Utrecht"]
[Date "2019.05.31"]
[Round "1.4"]
[White "Jos, Ernst"]
[Black "Reichardt, Robin"]
[Result "1/2-1/2"]
[WhiteElo "1920"]
[BlackElo "2045"]
[Annotator "NA RC"]
[PlyCount "55"]
[EventDate "2019.05.31"]
[EventType "swiss"]
[EventCountry "NED"]
[SourceTitle "playchess.com"]
[Source "ChessBase"]
[SourceQuality "1"]
[TimeControl "6600+10"]

1. d4 {[%emt 0:00:00]} d5 {[%emt 0:00:03]} 2. Nf3 {[%emt 0:00:02]} Nf6 {[%emt 0:00:21]} 3. e3 {[%emt 0:00:07]} e6 {[%emt 0:00:18]} 4. Bd3 {[%emt 0:00:09]} c5 {[%emt 0:01:04]} 5. c3 {[%emt 0:00:08]} Nc6 {[%emt 0:01:34]} 6. Nbd2 {[%emt 0:00:08]} Be7 {[%emt 0:00:34]} 7. O-O {[%emt 0:00:10]} O-O {[%emt 0:00:28]} 8. dxc5 {[%emt 0:00:07]} Bxc5 {[%emt 0:02:00]} 9. e4 {[%emt 0:00:09]} b6 {[%emt 0:11:38] D05: Colle System with ...e6} (9... Qc7 10. exd5 exd5 11. Nb3 Bb6 12. Bg5 Ne4 13. Bxe4 dxe4 14. Nfd4 Ne5 15. Bf4 Nf3+ 16. Qxf3 exf3 17. Bxc7 fxg2 18. Rfe1 Bxc7 19. Nb5 Bb6 20. Nd6 Be6 21. Nxb7 Rab8 22. Nd6 Rfd8 23. Rad1 a5 24. Ne4 h6 {½-½ (24) Stanec,N (2473)-Horvath,D (2447) Austria 2018}) 10. Qe2 {[%emt 0:09:27]} Qc7 $1 {[%emt 0:06:16]} 11. h3 {[%emt 0:01:27]} Nh5 {[%emt 0:17:08]} 12. Qd1 {[%emt 0:00:50]} Nf4 {[%emt 0:06:08]} 13. Nb3 {[%emt 0:00:56]} Nxd3 {[%emt 0:06:59]} 14. Qxd3 {[%emt 0:00:24]} Ne5 {[%emt 0:05:33]} 15. Nxe5 {[%emt 0:03:43]} Qxe5 {[%emt 0:00:31]} 16. Nxc5 $146 {[%emt 0:01:17]} ({Predecessor:} 16. exd5 Qxd5 17. Qxd5 exd5 {0-1 (36) Overesch,D (1701)-Emming,B (1726) Germany 2016}) 16... bxc5 {[%emt 0:00:10]} 17. exd5 {[%emt 0:01:25]} exd5 {[%emt 0:01:15]} 18. Be3 {[%emt 0:04:31]} Qd6 {[%emt 0:02:06]} 19. Rfd1 {[%emt 0:01:13]} Rd8 {[%emt 0:04:51]} 20. Qb5 {[%emt 0:02:32]} c4 {[%emt 0:05:25]} 21. Rd2 {[%emt 0:12:30]} a6 {[%emt 0:04:25]} 22. Qa5 {[%emt 0:02:24]} Be6 {[%emt 0:05:07]} 23. b3 {[%emt 0:04:46]} Qc6 {[%emt 0:04:22]} 24. b4 {[%emt 0:06:43]} Qb5 {[%emt 0:02:13]} 25. Bb6 {[%emt 0:06:21]} Rd6 {[%emt 0:03:48]} 26. Bc7 {[%emt 0:00:00]} Qxa5 {[%emt 0:01:39]} 27. Bxa5 {[%emt 0:00:00]} Ra7 {[%emt 0:06:38]} 28. Rd4 $11 {[%emt 0:00:48]} 1/2-1/2

[Event "46th OKU-C 2019"]
[Site "Utrecht"]
[Date "2019.06.01"]
[Round "2.1"]
[White "Van Duijl, Henri"]
[Black "Kruisselbrink, Jan"]
[Result "1-0"]
[WhiteElo "1495"]
[BlackElo "1579"]
[Annotator "NA"]
[PlyCount "65"]
[EventDate "2019.05.31"]
[EventType "swiss"]
[EventCountry "NED"]
[SourceTitle "playchess.com"]
[Source "ChessBase"]
[SourceQuality "1"]
[TimeControl "6600+10"]

1. e4 {[%emt 0:00:00]} c5 {[%emt 0:00:00]} 2. Nf3 {[%emt 0:00:13]} Nc6 {[%emt 0:00:04]} 3. d4 {[%emt 0:00:26]} cxd4 {[%emt 0:00:05]} 4. Nxd4 {[%emt 0:00:13]} e5 {[%emt 0:00:09]} 5. Nb5 {[%emt 0:02:34]} d6 {[%emt 0:01:39]} 6. c4 {[%emt 0:01:22]} a6 {[%emt 0:14:51]} 7. N5c3 {[%emt 0:00:51]} Nf6 {[%emt 0:03:47]} 8. h3 {[%emt 0:03:47]} Be7 {[%emt 0:01:24]} 9. Be3 {[%emt 0:03:06]} O-O {[%emt 0:01:46]} 10. Be2 {[%emt 0:01:51]} Be6 {[%emt 0:01:17]} 11. O-O {[%emt 0:02:05]} Rc8 {[%emt 0:06:17]} 12. Nd2 {[%emt 0:04:36]} Re8 {[%emt 0:05:52]} 13. Nd5 {[%emt 0:01:54]} Bxd5 {[%emt 0:02:11]} 14. cxd5 {[%emt 0:02:01]} Nb8 {[%emt 0:01:20]} 15. Qb3 {[%emt 0:02:48]} b5 {[%emt 0:01:33]} 16. a4 {[%emt 0:03:05]} bxa4 {[%emt 0:07:21]} 17. Rxa4 {[%emt 0:01:49]} Nfd7 {[%emt 0:02:03]} 18. Rc4 {[%emt 0:07:00]} Qa5 {[%emt 0:10:01]} 19. Rfc1 {[%emt 0:04:27]} Nc5 {[%emt 0:09:03]} 20. Qd1 {[%emt 0:11:06]} Qd8 {[%emt 0:14:10]} 21. b4 {[%emt 0:00:58]} Nbd7 {[%emt 0:04:32]} 22. bxc5 {[%emt 0:02:58]} dxc5 {[%emt 0:00:45]} 23. Nf3 {[%emt 0:04:59]} Bd6 {[%emt 0:00:52]} 24. Ra4 {[%emt 0:03:24]} a5 {[%emt 0:02:28]} 25. Bb5 {[%emt 0:09:24]} Re7 {[%emt 0:01:17]} 26. Qe1 {[%emt 0:04:22]} Ra8 {[%emt 0:01:20]} 27. Bc6 {[%emt 0:04:34]} Ra7 {[%emt 0:01:21]} 28. Bd2 {[%emt 0:05:43]} Nb8 {[%emt 0:02:08]} 29. Rxa5 {[%emt 0:03:35]} Nxc6 {[%emt 0:01:26]} 30. dxc6 {[%emt 0:01:15]} Rac7 {[%emt 0:00:28]} 31. Ra6 {[%emt 0:02:09]} Qc8 {[%emt 0:00:06]} 32. Rca1 {[%emt 0:00:41]} Rxc6 {[%emt 0:00:44]} 33. Ra8 {[%emt 0:00:41]} 1-0

[Event "46th OKU-C 2019"]
[Site "Utrecht"]
[Date "2019.06.01"]
[Round "2.2"]
[White "Smits, Marc"]
[Black "Van Egmond, Tom"]
[Result "0-1"]
[WhiteElo "1570"]
[BlackElo "1492"]
[Annotator "NA"]
[PlyCount "70"]
[EventDate "2019.05.31"]
[EventType "swiss"]
[EventCountry "NED"]
[SourceTitle "playchess.com"]
[Source "ChessBase"]
[SourceQuality "1"]
[TimeControl "6600+10"]

1. e4 {[%emt 0:00:00]} c5 {[%emt 0:00:00]} 2. Nc3 {[%emt 0:00:18]} Nc6 {[%emt 0:00:37]} 3. f4 {[%emt 0:00:25]} d6 {[%emt 0:01:02]} 4. Nf3 {[%emt 0:04:30]} g6 {[%emt 0:02:58]} 5. Be2 {[%emt 0:02:21]} Bg7 {[%emt 0:00:37]} 6. d3 {[%emt 0:02:27]} Nf6 {[%emt 0:01:33]} 7. Be3 {[%emt 0:00:29]} O-O {[%emt 0:00:45]} 8. Qd2 {[%emt 0:02:15]} b5 {[%emt 0:15:03]} 9. Rb1 {[%emt 0:06:42]} Rb8 {[%emt 0:01:18]} 10. d4 {[%emt 0:04:30]} b4 {[%emt 0:03:23]} 11. Nd1 {[%emt 0:08:30]} Nxe4 {[%emt 0:02:57]} 12. Qc1 {[%emt 0:01:22]} cxd4 {[%emt 0:01:29]} 13. Bg1 {[%emt 0:06:01]} Qa5 {[%emt 0:04:23]} 14. Kf1 {[%emt 0:08:23]} Ba6 {[%emt 0:02:49]} 15. Bd3 {[%emt 0:03:08]} b3 {[%emt 0:17:49]} 16. axb3 {[%emt 0:08:54]} Rxb3 {[%emt 0:00:23]} 17. Nf2 {[%emt 0:04:19]} Nxf2 {[%emt 0:03:50]} 18. Kxf2 {[%emt 0:01:32]} Bxd3 {[%emt 0:00:12]} 19. Ra1 {[%emt 0:02:11]} Qxa1 {[%emt 0:02:47]} 20. Qxa1 {[%emt 0:00:52]} Bxc2 {[%emt 0:00:28]} 21. Nd2 {[%emt 0:04:01]} Rb7 {[%emt 0:08:25]} 22. Qa6 {[%emt 0:10:09]} Rb6 {[%emt 0:00:41]} 23. Qe2 {[%emt 0:01:49]} d3 {[%emt 0:00:39]} 24. Qe4 {[%emt 0:01:32]} Rc8 {[%emt 0:01:46]} 25. Kg3 {[%emt 0:03:01]} Rxb2 {[%emt 0:00:51]} 26. f5 {[%emt 0:00:39]} Be5+ {[%emt 0:00:33]} 27. Kh3 {[%emt 0:02:58]} Bc3 {[%emt 0:01:12]} 28. fxg6 {[%emt 0:00:34]} hxg6 {[%emt 0:00:40]} 29. Be3 {[%emt 0:02:12]} Bxd2 {[%emt 0:02:28]} 30. Bxd2 {[%emt 0:00:08]} Bb1 {[%emt 0:00:19]} 31. Qg4 {[%emt 0:02:08]} Rcb8 {[%emt 0:03:02]} 32. Bc3 {[%emt 0:02:51]} d2 {[%emt 0:00:09]} 33. Rxb1 {[%emt 0:01:44]} Rxb1 {[%emt 0:00:02]} 34. Qh4 {[%emt 0:00:11]} f6 {[%emt 0:00:02]} 35. Bxd2 {[%emt 0:00:04]} R1b3+ {[%emt 0:00:04]} 0-1

[Event "46th OKU-C 2019"]
[Site "Utrecht"]
[Date "2019.06.01"]
[Round "2.3"]
[White "Heins, Ricardo"]
[Black "Van Manen, Siebe"]
[Result "1-0"]
[WhiteElo "1430"]
[BlackElo "1559"]
[Annotator "NA"]
[PlyCount "87"]
[EventDate "2019.05.31"]
[EventType "swiss"]
[EventCountry "NED"]
[SourceTitle "playchess.com"]
[Source "ChessBase"]
[SourceQuality "1"]
[TimeControl "6600+10"]

1. e4 {[%emt 0:00:00]} c5 {[%emt 0:00:00]} 2. Nf3 {[%emt 0:00:01]} d6 {[%emt 0:00:03]} 3. d4 {[%emt 0:00:13]} cxd4 {[%emt 0:00:07]} 4. Nxd4 {[%emt 0:00:07]} Nf6 {[%emt 0:00:07]} 5. Nc3 {[%emt 0:00:24]} a6 {[%emt 0:00:15]} 6. Bc4 {[%emt 0:00:41]} e6 {[%emt 0:01:45]} 7. Bg5 {[%emt 0:03:14]} Be7 {[%emt 0:00:18]} 8. O-O {[%emt 0:02:32]} b5 {[%emt 0:00:48]} 9. Bd3 {[%emt 0:00:36]} O-O {[%emt 0:00:36]} 10. Nf3 {[%emt 0:01:32]} Bb7 {[%emt 0:03:42]} 11. a3 {[%emt 0:01:42]} Nbd7 {[%emt 0:03:59]} 12. Qd2 {[%emt 0:01:26]} Nc5 {[%emt 0:00:45]} 13. Rfe1 {[%emt 0:01:32]} Nxd3 {[%emt 0:00:55]} 14. cxd3 {[%emt 0:00:23]} h6 {[%emt 0:06:20]} 15. Bh4 {[%emt 0:01:02]} Nxe4 {[%emt 0:09:44]} 16. Nxe4 {[%emt 0:03:06]} Bxh4 {[%emt 0:00:56]} 17. Qf4 {[%emt 0:00:53]} Be7 {[%emt 0:03:54]} 18. Ng3 {[%emt 0:00:36]} e5 {[%emt 0:15:00]} 19. Qg4 {[%emt 0:03:37]} Qc8 {[%emt 0:06:10]} 20. Nf5 {[%emt 0:00:20]} Bf6 {[%emt 0:00:59]} 21. Nxh6+ {[%emt 0:03:25]} Kh8 {[%emt 0:01:49]} 22. Nf5 {[%emt 0:07:01]} g6 {[%emt 0:04:15]} 23. Qh3+ {[%emt 0:04:54]} Kg8 {[%emt 0:00:09]} 24. Nh6+ {[%emt 0:07:13]} Kg7 {[%emt 0:01:10]} 25. Ng4 {[%emt 0:00:27]} Rh8 {[%emt 0:10:23]} 26. Qg3 {[%emt 0:01:05]} Qf5 {[%emt 0:04:32]} 27. Nxf6 {[%emt 0:03:49]} Kxf6 {[%emt 0:01:48]} 28. Nd2 {[%emt 0:00:52]} Kg7 {[%emt 0:01:23]} 29. Rac1 {[%emt 0:03:13]} Rh5 {[%emt 0:01:02]} 30. Ne4 {[%emt 0:02:52]} Qd7 {[%emt 0:06:06]} 31. Qe3 {[%emt 0:04:11]} f5 {[%emt 0:03:27]} 32. Ng3 {[%emt 0:02:14]} Rh4 {[%emt 0:02:26]} 33. Qb6 {[%emt 0:00:13]} Rc8 {[%emt 0:02:45]} 34. Rxc8 {[%emt 0:02:33]} Bxc8 {[%emt 0:00:40]} 35. Rc1 {[%emt 0:00:13]} Kf6 {[%emt 0:00:36]} 36. Rc7 {[%emt 0:01:10]} Qe6 {[%emt 0:00:39]} 37. Ne2 {[%emt 0:01:39]} Rh8 {[%emt 0:01:45]} 38. Rc6 {[%emt 0:00:31]} Kg5 {[%emt 0:01:02]} 39. Rxd6 {[%emt 0:00:31]} Qf7 {[%emt 0:00:44]} 40. g3 {[%emt 0:01:18]} Rg8 {[%emt 0:01:38]} 41. Qe3+ {[%emt 0:02:50]} f4 {[%emt 0:01:24]} 42. Qxe5+ {[%emt 0:00:23]} Bf5 {[%emt 0:00:58]} 43. Qxf4+ {[%emt 0:00:29]} Kh5 {[%emt 0:00:13]} 44. Qh4# {[%emt 0:00:45]} 1-0

[Event "46th OKU-C 2019"]
[Site "Utrecht"]
[Date "2019.06.01"]
[Round "2.4"]
[White "Van den Dool, Gerrit"]
[Black "Van Essen, Marieke"]
[Result "1/2-1/2"]
[WhiteElo "1406"]
[BlackElo "1553"]
[Annotator "NA"]
[PlyCount "96"]
[EventDate "2019.05.31"]
[EventType "swiss"]
[EventCountry "NED"]
[SourceTitle "playchess.com"]
[Source "ChessBase"]
[SourceQuality "1"]
[TimeControl "6600+10"]

1. e4 {[%emt 0:00:00]} e5 {[%emt 0:00:00]} 2. Nc3 {[%emt 0:00:00]} Nc6 {[%emt 0:00:08]} 3. Bc4 {[%emt 0:00:28]} Bc5 {[%emt 0:00:08]} 4. d3 {[%emt 0:01:01]} h6 {[%emt 0:00:15]} 5. Nge2 {[%emt 0:02:14]} d6 {[%emt 0:02:33]} 6. a3 {[%emt 0:01:32]} Be6 {[%emt 0:02:35]} 7. Nd5 {[%emt 0:02:51]} Nge7 {[%emt 0:04:30]} 8. b4 {[%emt 0:01:02]} Bb6 {[%emt 0:00:59]} 9. Nxb6 {[%emt 0:00:45]} axb6 {[%emt 0:00:20]} 10. O-O {[%emt 0:07:11]} Bxc4 {[%emt 0:01:13]} 11. dxc4 {[%emt 0:00:02]} f5 {[%emt 0:00:16]} 12. b5 {[%emt 0:08:52]} Na5 {[%emt 0:02:56]} 13. exf5 {[%emt 0:02:33]} Nxf5 {[%emt 0:05:07]} 14. Qd3 {[%emt 0:13:59]} O-O {[%emt 0:05:31]} 15. Bd2 {[%emt 0:02:26]} Kh8 {[%emt 0:06:25]} 16. f4 {[%emt 0:05:15]} Qe7 {[%emt 0:06:42]} 17. fxe5 {[%emt 0:01:43]} Qxe5 {[%emt 0:00:37]} 18. Bc3 {[%emt 0:08:11]} Qc5+ {[%emt 0:02:53]} 19. Kh1 {[%emt 0:00:36]} Nxc4 {[%emt 0:08:13]} 20. Rxf5 {[%emt 0:02:33]} Rxf5 {[%emt 0:04:59]} 21. Bd4 {[%emt 0:01:13]} Qd5 {[%emt 0:05:07]} 22. Ng3 {[%emt 0:08:07]} Re5 {[%emt 0:12:31]} 23. Bxe5 {[%emt 0:01:23]} Qxd3 {[%emt 0:02:02]} 24. Bxg7+ {[%emt 0:02:50]} Kxg7 {[%emt 0:00:00]} 25. cxd3 {[%emt 0:00:05]} Rxa3 {[%emt 0:00:00]} 26. Rc1 {[%emt 0:02:12]} Rxd3 {[%emt 0:02:16]} 27. Kg1 {[%emt 0:00:24]} d5 {[%emt 0:03:14]} 28. Ne4 {[%emt 0:03:02]} Kg6 {[%emt 0:07:54]} 29. Kf2 {[%emt 0:01:21]} Rb3 {[%emt 0:03:55]} 30. Nc3 {[%emt 0:00:36]} c6 {[%emt 0:00:17]} 31. Ke2 {[%emt 0:01:11]} Rb2+ {[%emt 0:02:01]} 32. Kf3 {[%emt 0:03:52]} Nd6 {[%emt 0:02:14]} 33. bxc6 {[%emt 0:01:16]} bxc6 {[%emt 0:00:04]} 34. Nxd5 {[%emt 0:00:54]} c5 {[%emt 0:03:52]} 35. Nxb6 {[%emt 0:05:53]} Rxb6 {[%emt 0:02:11]} 36. Rc2 {[%emt 0:00:07]} c4 37. Rxc4 {[%emt 0:00:11]} Nf5 {[%emt 0:02:26]} 38. Rc5 {[%emt 0:04:47]} Rb2 {[%emt 0:01:19]} 39. g4 {[%emt 0:02:41]} Rb3+ {[%emt 0:01:44]} 40. Kf2 {[%emt 0:01:38]} Nh4 {[%emt 0:01:55]} 41. Rh5 {[%emt 0:02:41]} Rh3 {[%emt 0:03:17]} 42. Kg1 {[%emt 0:00:04]} Nf3+ {[%emt 0:00:03]} 43. Kg2 Rxh5 {[%emt 0:00:11]} 44. gxh5+ {[%emt 0:00:02]} Kxh5 45. Kxf3 {[%emt 0:00:02]} Kh4 {[%emt 0:00:01]} 46. Kg2 h5 {[%emt 0:00:01]} 47. Kg1 Kh3 {[%emt 0:00:01]} 48. Kh1 {[%emt 0:01:17]} h4 {[%emt 0:00:00]} 1/2-1/2

[Event "46th OKU-C 2019"]
[Site "Utrecht"]
[Date "2019.06.01"]
[Round "3.3"]
[White "Van Essen, Marieke"]
[Black "Molanus, Eva"]
[Result "1-0"]
[WhiteElo "1553"]
[BlackElo "1262"]
[Annotator "NA"]
[PlyCount "35"]
[EventDate "2019.05.31"]
[EventType "swiss"]
[EventCountry "NED"]
[SourceTitle "playchess.com"]
[Source "ChessBase"]
[SourceQuality "1"]
[TimeControl "6600+10"]

1. e4 {[%emt 0:00:00]} c5 {[%emt 0:00:00]} 2. Nc3 {[%emt 0:00:00]} d6 {[%emt 0:00:16]} 3. f4 {[%emt 0:00:01]} Nc6 {[%emt 0:00:25]} 4. Nf3 {[%emt 0:00:06]} g6 {[%emt 0:01:17]} 5. Bc4 {[%emt 0:00:17]} Bg7 {[%emt 0:00:16]} 6. d3 {[%emt 0:00:12]} e6 {[%emt 0:00:56]} 7. O-O {[%emt 0:00:17]} Nge7 {[%emt 0:00:16]} 8. Qe1 {[%emt 0:00:22]} O-O {[%emt 0:00:25]} 9. Qh4 {[%emt 0:03:19]} a6 {[%emt 0:06:22]} 10. f5 {[%emt 0:04:06]} exf5 {[%emt 0:04:06]} 11. Bh6 {[%emt 0:00:38]} fxe4 {[%emt 0:07:00]} 12. dxe4 {[%emt 0:05:23]} d5 {[%emt 0:06:14]} 13. Ng5 {[%emt 0:02:49]} Bd4+ {[%emt 0:01:01]} 14. Kh1 {[%emt 0:00:16]} f6 {[%emt 0:01:39]} 15. Nxd5 {[%emt 0:01:25]} Nxd5 {[%emt 0:00:59]} 16. Bxd5+ {[%emt 0:00:13]} Kh8 {[%emt 0:00:21]} 17. Bg7+ {[%emt 0:00:22]} Kxg7 {[%emt 0:00:12]} 18. Qxh7# {[%emt 0:00:05]} 1-0

[Event "46th OKU-C 2019"]
[Site "Utrecht"]
[Date "2019.06.01"]
[Round "3.4"]
[White "Van den Akker, Bart"]
[Black "Van den Dool, Gerrit"]
[Result "1-0"]
[WhiteElo "1503"]
[BlackElo "1406"]
[Annotator "NA"]
[PlyCount "75"]
[EventDate "2019.05.31"]
[EventType "swiss"]
[EventCountry "NED"]
[SourceTitle "playchess.com"]
[Source "ChessBase"]
[SourceQuality "1"]
[TimeControl "6600+10"]

1. d4 {[%emt 0:00:00]} c6 {[%emt 0:00:00]} 2. Nf3 {[%emt 0:01:17]} d5 {[%emt 0:00:17]} 3. e3 {[%emt 0:00:43]} Bf5 {[%emt 0:01:29]} 4. c4 {[%emt 0:00:46]} e6 {[%emt 0:00:55]} 5. Be2 {[%emt 0:01:44]} Nd7 {[%emt 0:05:46]} 6. O-O {[%emt 0:01:39]} h6 {[%emt 0:01:54]} 7. Nc3 {[%emt 0:01:13]} Bd6 {[%emt 0:01:24]} 8. b3 {[%emt 0:01:57]} Ngf6 {[%emt 0:04:03]} 9. Bb2 {[%emt 0:01:06]} O-O {[%emt 0:01:12]} 10. Bd3 {[%emt 0:02:33]} Bg4 {[%emt 0:05:59]} 11. Re1 {[%emt 0:01:36]} Nh7 {[%emt 0:02:34]} 12. h3 {[%emt 0:08:52]} Bxf3 {[%emt 0:03:07]} 13. Qxf3 {[%emt 0:00:49]} Ng5 {[%emt 0:02:57]} 14. Qd1 {[%emt 0:03:56]} f5 {[%emt 0:01:32]} 15. Ne2 {[%emt 0:12:53]} Ne4 {[%emt 0:11:44]} 16. f4 {[%emt 0:10:02]} Qh4 {[%emt 0:03:57]} 17. Rf1 {[%emt 0:01:30]} Rf6 {[%emt 0:04:05]} 18. Qe1 {[%emt 0:01:19]} Qh5 {[%emt 0:01:57]} 19. Bxe4 {[%emt 0:03:21]} fxe4 {[%emt 0:02:00]} 20. Ng3 {[%emt 0:05:26]} Qh4 {[%emt 0:04:50]} 21. Nxe4 {[%emt 0:01:22]} Qxe1 {[%emt 0:07:17]} 22. Nxf6+ {[%emt 0:00:11]} Nxf6 {[%emt 0:00:26]} 23. Raxe1 {[%emt 0:00:42]} Ne4 {[%emt 0:01:04]} 24. Rf3 {[%emt 0:03:18]} dxc4 {[%emt 0:10:45]} 25. bxc4 {[%emt 0:01:58]} Nd2 {[%emt 0:00:15]} 26. Rg3 {[%emt 0:03:10]} Nxc4 {[%emt 0:00:40]} 27. Bc3 {[%emt 0:01:10]} g5 {[%emt 0:03:03]} 28. h4 {[%emt 0:01:00]} Be7 {[%emt 0:06:01]} 29. hxg5 {[%emt 0:00:54]} hxg5 {[%emt 0:00:31]} 30. fxg5 {[%emt 0:00:43]} Nd6 {[%emt 0:07:36]} 31. e4 {[%emt 0:01:43]} Nb5 {[%emt 0:02:53]} 32. Bb2 {[%emt 0:03:55]} c5 {[%emt 0:01:58]} 33. d5 {[%emt 0:02:00]} c4 {[%emt 0:01:08]} 34. a4 {[%emt 0:03:16]} Bc5+ {[%emt 0:01:46]} 35. Kf1 {[%emt 0:01:13]} Rf8+ {[%emt 0:00:40]} 36. Rf3 {[%emt 0:00:30]} c3 {[%emt 0:00:58]} 37. Rf4 {[%emt 0:01:44]} Rf7 38. Rxf7 {[%emt 0:00:11]} 1-0